NBA 2018-19 January Players 10 Assists Games - Statistics

General Stats
  • This quiz has been taken 25 times
  • The average score is 31 of 44
Answer Stats
Player Team # % Correct
Russell Westbrook Thunder 10
100%
James Harden Rockets 4
96%
Bradley Beal Wizards 1
92%
Damian Lillard Trail Blazers 3
92%
D'Angelo Russell Nets 3
92%
Draymond Green Warriors 4
92%
Giannis Antetokounmpo Bucks 3
92%
Kyrie Irving Celtics 4
92%
Lonzo Ball Lakers 3
92%
Luka Doncic Mavericks 3
92%
Mike Conley Grizzlies 3
92%
Nikola Jokic Nuggets 7
92%
Stephen Curry Warriors 2
92%
Ben Simmons 76ers 3
88%
Jrue Holiday Pelicans 1
88%
Kyle Lowry Raptors 2
88%
Trae Young Hawks 3
88%
CJ McCollum Trail Blazers 1
84%
Devin Booker Suns 1
84%
Donovan Mitchell Jazz 1
84%
Jeff Teague Timberwolves 3
84%
Rajon Rondo Lakers 3
84%
De'Aaron Fox Kings 1
80%
Eric Bledsoe Bucks 1
80%
Marc Gasol Grizzlies 2
76%
Lou Williams Clippers 3
72%
Terry Rozier Celtics 1
72%
Brandon Ingram Lakers 1
68%
Dennis Smith Jr. Mavericks 1
68%
Dwyane Wade Heat 1
68%
Kris Dunn Bulls 2
68%
Darren Collison Pacers 2
64%
DeMar DeRozan Spurs 2
64%
Elfrid Payton Pelicans 2
56%
Justise Winslow Heat 2
52%
Spencer Dinwiddie Nets 1
52%
Tomas Satoransky Wizards 3
48%
Jusuf Nurkic Trail Blazers 1
44%
Kyle Anderson Grizzlies 1
28%
Bogdan Bogdanovic Kings 1
24%
Trevor Ariza Wizards 1
24%
Tim Frazier Pelicans 1
16%
De'Anthony Melton Suns 1
8%
Jerryd Bayless Timberwolves 1
4%
No matching quizzes found
Score Distribution
Percent of People with Each Score
Percentile by Number Answered
Your Score History
You have not taken this quiz